Countries Most Similar To Ireland - Statistics

General Stats
  • This quiz has been taken 166 times
  • The average score is 14 of 20
Answer Stats
Rank Country Score % Correct
1 UK 83.1
98%
2 Netherlands 76.6
92%
9 France 72.3
88%
7 Germany 74.3
86%
10 Norway 71.4
85%
3 Belgium 75.4
84%
12 Sweden 71.2
84%
14 Spain 70.2
80%
4 Denmark 75
79%
19 Canada 68.7
69%
16 Iceland 69.3
68%
17 Poland 69.3
68%
8 Australia 72.9
66%
11 Austria 71.2
61%
6 New Zealand 74.3
61%
5 Luxembourg 74.3
59%
13 Czechia 70.7
50%
18 Latvia 69.2
41%
15 Slovenia 69.8
39%
20 Lithuania 68.6
38%
No matching quizzes found
Score Distribution
Percent of People with Each Score
Percentile by Number Answered
Your Score History
You have not taken this quiz